Negocios fiduciarios: su significacion en América Latina

Bewaard in:
Bibliografische gegevens
Hoofdauteur: Rodríguez Azuero, Sergio (Auteur)
Formaat: Boek
Taal:Spaans
Gepubliceerd in: Bogotá Legis 2005
Editie:1a. ed
Reeks:Literatura Jurídica
Onderwerpen:
Tags: Voeg label toe
Geen labels, Wees de eerste die dit record labelt!

MARC

LEADER 00000nam a2200000 a 4500
001 UCI5219
003 CL-VaPUC
008 080314e20050000CK |||||||||||||||||spa|d
020 |a 958653426X 
082 0 4 |a 346.059  |b ROD  |2 21 
100 0 |a Rodríguez Azuero, Sergio  |e author  |9 527397 
245 1 0 |a Negocios fiduciarios: su significacion en América Latina 
250 |a 1a. ed 
300 |a 663 p 
942 |c BK 
945 |d 20080314 00:00:00  |a jtorresc 
260 |a Bogotá  |b Legis  |c 2005 
500 |a Incluye un Cd-rom 
650 7 |a FIDECOMISO  |2 CL-VaPUC  |9 527398 
650 0 |a Fiducia  |9 257745 
650 0 |a Código civil  |9 256135 
650 7 |a NEGOCIO FIDUCIARIO  |2 CL-VaPUC  |9 385345 
650 0 |a Derecho internacional  |9 255637 
651 0 |a América Latina   |9 255027 
583 |a last modification  |c 20080314 00:00:00  |k Rodrigo Vera 
490 0 |a Literatura Jurídica 
999 |c 328982  |d 328980 
952 |0 0  |1 0  |4 0  |6 346_059000000000000_ROD_2005  |7 0  |8 A  |9 413215  |a BIBDER  |b BIBDER  |d 2019-11-22  |i 4415736  |l 1  |o 346.059 ROD 2005  |p 4415736  |r 2023-01-25  |s 2020-03-04  |w 2019-11-22  |y BK  |k DER